00317nam a2200133Ia 4500008004100000041001200041082001100053100002000064245002800084260001600112650001400128700002200142700001900164221030s9999 xx 000 0 und d aEnglish a105.23 aWajid Bilal/327 0aON LINE OUESTION PAPERS aJammuc1999 aComputers aMirza Imran Beigh aOwais Querishi